000 00206nam a2200109Ia 4500
100 _a#N/A
942 _cBK
245 _adigit July 2013 Computex alpha
260 _b#N/A
546 _aENGLISH
999 _c20588
_d20588